000 01102nam a2200277Ia 4500
003 OSt
005 20220923211529.0
006 a|||||r|||| 00| 0
007 ta
008 220922b |||||||| |||| 00| 0 hin d
020 _a9789381582206 (hbk)
_c590
024 _a276,571
037 _b214, 23/09/2013, Swaraj Prakashan
_cTextual
040 _aARTS
_cARTS
_bhin
041 _2hin
_ahin
082 _aO152,1M831x, Q2
100 _aशुक्ल, गया प्रसाद, सनेही; ओमराज़, संपा.
_9160709
245 0 _aत्रिशूल तरंग
246 _aTrishūl taranga
260 _aनई दिल्ली
_b स्वराज प्रकाशन
_c2012
300 _a159पृ.
_ccm.
490 _aदुर्लभ ग्रंथ माला; 2
650 _aहिन्दी साहित्य
_9156264
942 _hO152,1M831x, Q2
_cTEXL
_2CC
999 _c300489
_d300489